Best ranked countries NOT in the 2026 World Cup - Statistics

General Stats
  • This quiz has been taken 14 times
  • The average score is 7 of 10
Answer Stats
Ranking Country Continent % Correct
12 Italy Europe
100%
35 Poland Europe
92%
20 Denmark Europe
77%
42 Hungary Europe
69%
39 Serbia Europe
69%
47 Greece Europe
62%
32 Ukraine Europe
62%
37 Wales Europe
62%
45 Cameroon Africa
54%
26 Nigeria Africa
54%
No matching quizzes found
Score Distribution
Percent of People with Each Score
Percentile by Number Answered
Your Score History
You have not taken this quiz